Statistics for Richest Countries Bordering Each Other

Click here to take the quiz!

General Stats

  • This quiz has been taken 49,724 times
    (24,114 since last reset)
  • The average score is 18 of 21

Answer Stats

Country% Correct
Germany
98%
France
98%
United States
97%
Canada
97%
Switzerland
95%
Belgium
94%
Netherlands
94%
Austria
93%
Luxembourg
91%
Denmark
89%
Liechtenstein
88%
Monaco
87%
United Kingdom
85%
Norway
84%
Sweden
84%
Ireland
83%
Finland
82%
Saudi Arabia
75%
United Arab Emirates
74%
Qatar
72%
Kuwait
66%

Score Distribution

Percentile by Number Answered

Percent of People with Each Score

Your Score History

You have not taken this quiz since the last reset